000 02128nam a22002777a 4500
999 _c86276
_d86276
005 20190214125723.0
010 _aBAC-HN24 HIN-103762 B-543018-038 B-669816 B-700788-807
020 _a9788186098127
_c650.00
035 _aB-543018-038
035 _aHN-76108
035 _aB-700788-807
037 _bLiterary circle
037 _bलिट्रेरी सर्किल
037 _bनारायण प्रकाशन
082 _a613
100 _aसोढानी, अरविन्द
245 _aऋतुचर्या और अपना स्वास्थ्यः
_cअरविन्द सोढ़ानी लेखन एंव संकलित
_bघरेलू एवं आयुर्वेदिक चिकित्सा शास्त्र /
260 _aजयपुर
_bपापुलर बुक डिपो
_c2014
_c2017
270 _bजयपुर
_mpbdpr@refiffmail.com
_a5 आद्रेशर दादी क्रास लेन,सी.पी.टे्क,साबु भवन, चौड़ा माला
270 _bजयपुर
_aजी-1, एस.एस. टावर, धामाणि गली, चोड़ा रास्ता
_e302003
300 _a416 पृ.
_c22 सें.मी.(सजिल्द)
942 _2ddc
_cHN
_h613
_mसोढनी